| 000 | 00890nam a22002897a 4500 | ||
|---|---|---|---|
| 001 | 5291 | ||
| 003 | FISKH | ||
| 005 | 20241125083413.0 | ||
| 008 | 241125b cb ||||| |||| 00| 0 eng d | ||
| 020 | _a9780899192253 | ||
| 040 |
_aFISKH _beng _cFISKH _dFISKH |
||
| 050 | _aPZ8.C43 | ||
| 082 | _a398.24528617 | ||
| 100 |
_aGaldone, Paul _d(1907–1986) |
||
| 245 |
_aHenny Penny / _cRetold and Illustrated by Paul Galdone |
||
| 250 | _a1968 | ||
| 260 |
_aNew York : _bClaron, _c1968. |
||
| 300 |
_a32 pages : _bColor illustrations ; _c18 cm |
||
| 505 | _aR | ||
| 520 | _aIn a cumulative tale, Henny Penny and her friends are on the way to tell the king that the sky is falling when they are met by a clever fox. | ||
| 521 | 8 |
_a660L
_bLexile |
|
| 521 | 8 |
_aR
_bRaz-Plus |
|
| 650 |
_2Fiction _aPicture book |
||
| 650 |
_2Folktale _aHen |
||
| 942 |
_2ddc _cBK _n0 |
||
| 999 |
_c5291 _d5291 |
||